| 000 | 00436 a2200157 4500 | ||
|---|---|---|---|
| 999 |
_c239 _d239 |
||
| 008 | 220322b ||||| |||| 00| 0 eng d | ||
| 020 | _a9788131518656 | ||
| 082 | 0 | 0 |
_a518.028553 _bC4661 |
| 100 | _aChapman, Stephen J. | ||
| 245 |
_aMATLAB programming for engineers / _cby Stephen J. Chapman |
||
| 250 | _a4th ed. | ||
| 260 |
_aDelhi: _bCengage Learning India Pvt. _c2016. |
||
| 300 | _axx, 567 p. | ||
| 650 | 0 | _aMATLAB | |
| 942 |
_2ddc _cBK |
||